Clankriminalität: eine kritische Perspektive

Gespeichert in:  
Bibliographische Detailangaben
1. VerfasserIn: Jaraba, Mahmoud (Verfasst von)
Medienart: Druck Aufsatz
Sprache:Deutsch
Veröffentlicht: 2024
In: Kriminalistik
Jahr: 2024, Band: 78, Heft: 3, Seiten: 147-152
Verfügbarkeit prüfen: HBZ Gateway
Schlagwörter:

MARC

LEADER 00000caa a2200000 c 4500
001 1884072798
003 DE-627
005 20240517134016.0
007 tu
008 240322s2024 xx ||||| 00| ||ger c
035 |a (DE-627)1884072798 
035 |a (DE-599)KXP1884072798 
040 |a DE-627  |b ger  |c DE-627  |e rda 
041 |a ger 
084 |a 2,1  |2 ssgn 
100 1 |a Jaraba, Mahmoud  |e VerfasserIn  |4 aut 
245 1 0 |a Clankriminalität  |b eine kritische Perspektive  |c Mahmoud Jaraba 
264 1 |c 2024 
336 |a Text  |b txt  |2 rdacontent 
337 |a ohne Hilfsmittel zu benutzen  |b n  |2 rdamedia 
338 |a Band  |b nc  |2 rdacarrier 
650 0 7 |0 (DE-588)4055898-8  |0 (DE-627)106156489  |0 (DE-576)209115831  |a Sozialstruktur  |2 gnd 
650 0 7 |0 (DE-588)107017999X  |0 (DE-627)823330044  |0 (DE-576)429803508  |a Einzeltäter  |2 gnd 
650 0 7 |0 (DE-588)4274900-1  |0 (DE-627)104453273  |0 (DE-576)210710551  |a Familienstruktur  |2 gnd 
650 4 |a Clankriminalität  |x Begriffsverständnis  |7 (dpeaa)DE-21/24-fid2,1 
650 4 |a Feldforschung  |x Ergebnispräsentation  |7 (dpeaa)DE-21/24-fid2,1 
651 4 |a Al-Rashidiyah  |7 (dpeaa)DE-21/24-fid2,1 
773 0 8 |i Enthalten in  |t Kriminalistik  |d Heidelberg : C.F. Müller GmbH, Kriminalistik, 1949  |g 78(2024), 3, Seite 147-152  |w (DE-627)129489522  |w (DE-600)205902-2  |w (DE-576)014883163  |x 0023-4699  |7 nnas 
773 1 8 |g volume:78  |g year:2024  |g number:3  |g pages:147-152 
951 |a AR 
ELC |b 1 
LOK |0 000 xxxxxcx a22 zn 4500 
LOK |0 001 4525322098 
LOK |0 003 DE-627 
LOK |0 004 1884072798 
LOK |0 005 20240517134016 
LOK |0 008 240517||||||||||||||||ger||||||| 
LOK |0 040   |a DE-21-110  |c DE-627  |d DE-21-110 
LOK |0 092   |o n 
LOK |0 852   |a DE-21-110 
LOK |0 852 1  |9 00 
LOK |0 939   |a 17-05-24  |b l01 
ORI |a SA-MARC-krimdoka001.raw